Most populous subdivisons of Europe - Statistics

General Stats
  • This quiz has been taken 92 times
  • The average score is 6 of 15
Answer Stats
Country Subdivision Population % Correct
United Kingdom England 56 286 961
95%
Germany Bavaria 13 140 183
84%
Turkey Istanbul 15 519 267
72%
France Île-de-France 12 213 447
61%
Germany North Rhine-Westphalia 17 925 570
59%
Spain Andalusia 8 464 411
53%
Italy Lombardy 9 966 992
52%
Germany Baden-Württemberg 11 103 043
49%
Germany Lower Saxony 8 003 421
45%
France Auvergne - Rhône - Alpes 7 994 459
23%
Russia Volga 29 070 827
12%
Russia Central Russia 39 250 960
10%
Russia Southern Russia 14 070 918
8%
Russia Northern Caucasus 9 967 301
7%
Russia Northwestern Russia 13 941 959
6%
No matching quizzes found
Score Distribution
Percent of People with Each Score
Percentile by Number Answered
Your Score History
You have not taken this quiz